TV Shows Quiz Stats

 Plays Quiz not verified by Sporcle

Also try: Icons Unmasked III
Challenge
Share
Tweet
Embed
Score 0/20 Timer 03:00
0 Plays Today
Hint Tv Show name % Correct
Why are they yellow?The Simpsons
98.9%
South of the parkSouth Park
88.6%
Some guy with a familyFamily Guy
79.5%
He's American and a dadAmerican Dad
76.1%
Future!Futurama
70.5%
They're all good matesFriends
50%
They're in the middle .. of the U.S.The Middle
44.3%
The best GearTop Gear
31.8%
Rallo Tubbs Jr.Cleveland Show
18.2%
They make fun of the weekMock the Week
15.9%
Hint Tv Show name % Correct
They're in the middle ..Inbetweeners
13.6%
A giant box ..The Cube
10.9%
They don't really fit in ..Misfits
8.9%
A bit mad ..Mad Dogs
8%
Why am I here?I'm a celebrity
7.3%
What's an a-pol-o?Live at the Apollo
5.5%
What a lemon..!Celebrity Juice
3.6%
Which way?The only way is Essex
3.6%
Wales..?Stella
3.6%
What a buzzy bunch ..Never mind the Buzzcocks
3.6%

You're not logged in!

Compare scores with friends on all Sporcle quizzes.
Join for Free
OR
Log In

You Might Also Like...

Show Comments

Extras

Created Feb 10, 2012ReportFavoriteNominate
Tags:Show Quiz, none

Top Quizzes Today


Score Distribution

Your Account Isn't Verified!

In order to create a playlist on Sporcle, you need to verify the email address you used during registration. Go to your Sporcle Settings to finish the process.

Report this User

Report this user for behavior that violates our Community Guidelines.

Details: